000
00326 a2200145 4500
001
156027
040
_c
Escola São Tomás de Aquino
100
_a
BRAZ, Júlio Emílio
240
1
0
_a
Fala comigo, pai!
_l
por
245
1
0
_a
Fala comigo, pai!
300
_a
79
362
0
_a
2011
697
_a
*LITERATURA JUVENIL
942
_c
BK
999
_c
156027
_d
156027